2001 National Household Survey on Drug Abuse: Incentive Experiment. Combined Quarter 1 and Quarter 2 Analysis

Gespeichert in:  
Bibliographische Detailangaben
VerfasserInnen: Barwick, J. (Verfasst von) ; Virag, T. (Verfasst von) ; Vatalaro, K. (Verfasst von) ; Thomley, C. (Verfasst von) ; Piper, Laurence (Verfasst von) ; Odom, D. (Verfasst von) ; Myers, Susan (Verfasst von) ; McNeeley, M. (Verfasst von) ; Kulka, R. (Verfasst von) ; Frick, G.G. (Verfasst von) ; Eyerman, J. (Verfasst von) ; Chromy, J. (Verfasst von) ; Carwile, R.C. (Verfasst von) ; Bowman, K. (Verfasst von)
Medienart: Elektronisch Buch
Sprache:Englisch
Veröffentlicht: [Erscheinungsort nicht ermittelbar] RTI [producer], Substance Abuse and Mental Health Services Administration [distributor] 2002
In:Jahr: 2002
Online-Zugang: Volltext (lizenzpflichtig)
Verfügbarkeit prüfen: HBZ Gateway
Subito Bestelldienst: Jetzt bestellen.

MARC

LEADER 00000cam a22000002c 4500
001 1912446553
003 DE-627
005 20250125055022.0
007 cr uuu---uuuuu
008 241217s2002 xx |||||o 00| ||eng c
035 |a (DE-627)1912446553 
035 |a (DE-599)KXP1912446553 
040 |a DE-627  |b ger  |c DE-627  |e rda 
041 |a eng 
084 |a 2,1  |2 ssgn 
100 1 |a Barwick, J.  |e VerfasserIn  |4 aut 
245 1 0 |a 2001 National Household Survey on Drug Abuse: Incentive Experiment. Combined Quarter 1 and Quarter 2 Analysis 
264 1 |a [Erscheinungsort nicht ermittelbar]  |b RTI [producer], Substance Abuse and Mental Health Services Administration [distributor]  |c 2002 
336 |a Text  |b txt  |2 rdacontent 
337 |a Computermedien  |b c  |2 rdamedia 
338 |a Online-Ressource  |b cr  |2 rdacarrier 
700 1 |a Virag, T.  |e VerfasserIn  |4 aut 
700 1 |a Vatalaro, K.  |e VerfasserIn  |4 aut 
700 1 |a Thomley, C.  |e VerfasserIn  |4 aut 
700 1 |a Piper, Laurence  |e VerfasserIn  |0 (DE-588)1177935856  |0 (DE-627)1049056124  |0 (DE-576)517618338  |4 aut 
700 1 |a Odom, D.  |e VerfasserIn  |4 aut 
700 1 |a Myers, Susan  |e VerfasserIn  |0 (DE-588)1295542846  |0 (DE-627)1852243384  |4 aut 
700 1 |a McNeeley, M.  |e VerfasserIn  |4 aut 
700 1 |a Kulka, R.  |e VerfasserIn  |4 aut 
700 1 |a Frick, G.G.  |e VerfasserIn  |4 aut 
700 1 |a Eyerman, J.  |e VerfasserIn  |4 aut 
700 1 |a Chromy, J.  |e VerfasserIn  |4 aut 
700 1 |a Carwile, R.C.  |e VerfasserIn  |4 aut 
700 1 |a Bowman, K.  |e VerfasserIn  |4 aut 
787 0 8 |i Forschungsdaten  |a United States Department of Health and Human Services. Substance Abuse and Mental Health Services Administration. Office of Applied Studies  |t National Household Survey on Drug Abuse, 2001  |d [Erscheinungsort nicht ermittelbar] : [Verlag nicht ermittelbar], 2003  |w (DE-627)1840048166 
856 4 0 |u http://oas.samhsa.gov/nhsda/methods/incentive.pdf  |q application/pdf  |x Verlag  |z lizenzpflichtig  |3 Volltext  |7 1 
935 |a mkri 
951 |a BO 
ELC |a 1 
LOK |0 000 xxxxxcx a22 zn 4500 
LOK |0 001 463741203X 
LOK |0 003 DE-627 
LOK |0 004 1912446553 
LOK |0 005 20241217044120 
LOK |0 008 241217||||||||||||||||ger||||||| 
LOK |0 035   |a (DE-2619)ICPSR34313 
LOK |0 040   |a DE-2619  |c DE-627  |d DE-2619 
LOK |0 092   |o n 
LOK |0 852   |a DE-2619 
LOK |0 852 1  |9 00 
LOK |0 935   |a nacp 
LOK |0 939   |a 17-12-24  |b l01 
ORI |a SA-MARC-krimdoka001.raw